00706nam a22002053a 450000100060000000300080000600500170001400800410003103500190007204000270009104100080011808200220012610000360014824501580018426000410034230000330038350400390041665100280045570000170048327690BD-RjUL20211209051205.0140327s1966 enkab 001 0 eng d a(BD-RjUL)27769 aEQOcEQObengdBD-RjUL aeng a942bCHB V-8 19661 aChurchill, Winston,d1874-1965.14aThe Blenheim edition of A history of the English-speaking peoples /cwith an intr. and bibliogr. by R.W. Ellisn8.pThe First British Empire (1714-1782). aLondon :bCassel & co. Ltd.,cc1966. axi, 119 p. :bill. ;c20 cm. aIncludes bibliographies and index. 0aGreat BritainxHistory.1 aEllis, R. W.